000 00213 a2200097 4500
001 1489
100 _aAlmen, J.O
245 _aResidual stress & falique in metals
260 _a
_bMcgrawhill
_c
090 _c1032
_d1032
942 _aNUST-CAE
_cM
_c359
999 _c236562
_d236562